Statistics for State Quiz - Baja California

Click here to take the quiz!

General Stats

  • This quiz has been taken 44 times
  • The average score is 12 of 18

Answer Stats

HintAnswer% Correct
City across the border to San DiegoTijuana
97%
U.S. States borderedCalifornia
91%
Baja California is located on a ...Peninsula
91%
U.S. States borderedArizona
88%
Ocean borderedPacific Ocean
88%
Capital cityMexicali
79%
River making up the eastern border;
shares its name with an U.S. State
Colorado River
73%
What "Baja California" means{Lower} California
70%
Mexican States borderedSonora
70%
Mexican States borderedBaja California Sur
67%
Former head of that cartelEl Chapo
61%
Baja California is the most
________ Mexican State
northern / western
61%
Major Christian confessionCatholicism
55%
Cartel currently in control of that citySinaloa Cartel
48%
What cartels use, to smuggle drugs
into the United States
Tunnels
48%
Large endemic cat whose name
has developed a new meaning
Cougar
33%
Highest mountain; not to be
confused with a species of Pokémon
{Picacho} del Diablo
21%
Islands know for its Great White
Shark appearances
Guadalupe
15%

Score Distribution

Percentile by Number Answered

Percent of People with Each Score

Your Score History

You have not taken this quiz